| 000 | 00560nam a22001937a 4500 | ||
|---|---|---|---|
| 999 |
_c155076 _d155076 |
||
| 005 | 20181109134735.0 | ||
| 010 | _aB-215006, B-215007, B-215012 | ||
| 020 | _c0.00 | ||
| 035 | _aB-215006, B215007, B-215012 | ||
| 037 | _bBPPD/PUB | ||
| 082 | _aN | ||
| 100 | _aGrenville kate | ||
| 245 |
_aThe idea of perfection / _b kate Grenville |
||
| 260 |
_aNew Delhi _bPenguin Books _c2004 |
||
| 270 |
_a11 Community centre, panchsheel park _bNew delhi _e110017 |
||
| 300 |
_a401p. _c23cm.(Hb) |
||
| 942 |
_2ddc _cEN _hN _mGRE |
||